Halálozások

Oznámenia o úmrtí troch významných osobností: premonštrátskeho kňaza Andreja Dezidera (Endre Dezső) Balogha v Jasove 3.08.1912 vo veku 40 rokov, v 22. roku pôsobenia v ráde a v 15. roku kňazského pôsobenia v Jasove. Tu bol aj pochovaný. Po dlhotrvajúcej chorobe zomrel v nemocnici Červeného kríža v B...

Celý popis

Podrobná bibliografia
Médium: Článok
Jazyk:Hungarian
Témy:
Zdroj: 1. Sajó-Vidék : Vegyestartalmú hetilap 1. Roč. 15, č. 32 (08.08.1912) s. 3
LEADER 01944nab#a2200397#ar4500
001 000073377
003 SVKKK
005 19970922xxxxxxx.
008 06 c xo huno
FMT
038 |a SVKKK 
040 |a SVKKK  |b slo  |e AACR2 
041 0 |a hun 
044 |a xo  |c SK 
080 |a 257 
080 |a 271 
080 |a 34-051 
080 |a 393 
080 |a 656.2-051 
242 1 0 |a Úmrtia 
245 0 0 |a Halálozások 
520 2 |a Oznámenia o úmrtí troch významných osobností: premonštrátskeho kňaza Andreja Dezidera (Endre Dezső) Balogha v Jasove 3.08.1912 vo veku 40 rokov, v 22. roku pôsobenia v ráde a v 15. roku kňazského pôsobenia v Jasove. Tu bol aj pochovaný. Po dlhotrvajúcej chorobe zomrel v nemocnici Červeného kríža v Budapesti (MR) 2.08.1913 Aladár Emdrey, hlavný kontrolór na železničnej stanici v Rožňave. Pochovaný bol v Budapesti. Komerčný právnik Michal (Mihály) Hodinka pôsobil ako správca majetku Dionýza Andrássyho. Bol členom zákonodárnej komisie v Šarišskej župe a členom MZ v Prešove. Zomrel nečakane vo veku 72 rokov.) 
650 0 4 |a Endrey, Aladár (kontrolór železničný) - Uhorské štátne železnice, Rožňava - pôsobenie - Budapest (MR) - 2.08.1912 
650 0 4 |a Hodinka, Michal (právnik komerčný na dôchodku, 1840-1912) - Andrássy (panstvo) - pôsobenie - zastupiteľstvo mestské, Prešov - pôsobenie / Prešov - 5.08.1912 - správy 
650 0 4 |a úmrtia - Balogh, Andrej Dezider (kňaz premonštrátsky, zapisovateľ konventu, 1872-1912) - Jasov (KS) - 3.08.1912 - Katolícke vyššie gymnázium, Rožňava - pôsobenie 
773 0 |t Sajó-Vidék : Vegyestartalmú hetilap  |g Roč. 15, č. 32 (08.08.1912) s. 3 
957 |a Budapest (MR) 
957 |a Jasov 
957 |a Prešov 
957 |a Rožňava 
958 |a DG 
958 |a SK 
974 |a ebl  |d 19970922 
992 |a RBX 
BAS
998 |a RETRO